000 00341nam a2200157Ia 4500
001 27822
003 IN-NITTTR
005 20251114233345.0
008 251113s9999||||xx |||||||||||||| ||eng||
040 _beng
040 _cIN-NITTTR
041 _aeng
082 _a891.43081 V1S H
245 0 _aShrestha bodh kahaniyan /
942 _2ddc
_cBK
999 _c30450
_d30450